Organizational Behaviour

Gespeichert in:
Bibliographische Detailangaben
1. Verfasser: King, Daniel
Weitere Verfasser: Lawley, Scott
Format: Buch
Sprache:Englisch
Veröffentlicht: Oxford Oxford University Press 2019
Ausgabe:3rd Edition
Schlagworte:
Tags: Tag hinzufügen
Keine Tags, Fügen Sie das erste Tag hinzu!

MARC

LEADER 00000nam a2200000 4500
001 0256156
005 20230105093055.5
020 |a 978-0-19-880778-0 
041 0 |a eng 
044 |a GB 
245 1 0 |a Organizational Behaviour  |c Daniel King, Scott Lawley 
250 |a 3rd Edition 
264 1 |a Oxford  |b Oxford University Press  |c 2019 
300 |a 690 s. 
610 2 0 |a organizácie 
610 2 0 |a podnik 
610 2 0 |a správanie organizačné 
610 2 0 |a štruktúra organizačná 
610 2 0 |a kultúra podniková 
610 2 0 |a manažment 
610 2 0 |a kolektív pracovný 
610 2 0 |a riadenie podnikové 
610 2 0 |a motivácia pracovná 
610 2 0 |a komunikácia 
610 2 0 |a politika podniková 
610 2 0 |a prostredie podnikové 
610 2 0 |a revolúcia priemyselná 
610 2 0 |a globalizácia 
610 2 0 |a zodpovednosť podniku spoločenská 
610 2 0 |a etika podnikateľská 
100 1 |a King, Daniel 
700 1 |a Lawley, Scott